LEADER 01047nam2-22003251i-450- 001 990005509990403321 005 20111130094549.0 035 $a000550999 035 $aFED01000550999 035 $a(Aleph)000550999FED01 035 $a000550999 100 $a19990604d1970----km-y0itay50------ba 101 0 $aita 102 $aIT 105 $aa---ac--001yy 200 1 $a1.: Dall'Antichità a tutto il Cinquecento con due saggi introduttivi$fLuigi Grassi 210 $aRoma$cMultigrafica editrice$d1970 215 $a298 p., 133 tav.$d22 cm 320 $aBibliografia: p. 241-285 461 0$1001000550992$12001$aTeorici e storia della critica d'arte$fLuigi Grassi 610 0 $aCritica artistica$aStoria 676 $a701.18$v21$zita 700 1$aGrassi,$bLuigi$04871 801 0$aIT$bUNINA$gRICA$2UNIMARC 901 $aBK 912 $a990005509990403321 952 $a701.18 GRA 1 (1)$bST.ARTE 12278$fFLFBC 959 $aFLFBC 996 $a1.: Dall'Antichità a tutto il Cinquecento con due saggi introduttivi$9609273 997 $aUNINA LEADER 00804nam0-2200289---450- 001 990010022990403321 005 20151215094250.0 010 $a978-88-15-25937-0 035 $a001002299 035 $aFED01001002299 035 $a(Aleph)001002299FED01 035 $a001002299 100 $a20151215d2015----km-y0itay50------ba 101 0 $aita 105 $a--------001yy 200 1 $a<> privacy$eproteggere i dati personali oggi$fCarlo Focarelli 210 $aBologna$cIl Mulino$d2015 215 $a206 p.$d21 cm 225 1 $aUniversale paperbacks il Mulino$v688 676 $a323.448$v23$zita 700 1$aFocarelli,$bCarlo$f<1961-> 801 0$aIT$bUNINA$gRICA$2UNIMARC 901 $aBK 912 $a990010022990403321 952 $aGRDDIT32A$b372$fDECBC 959 $aDECBC 997 $aUNINA LEADER 01944oam 2200565M 450 001 9910716235603321 005 20200213070520.1 035 $a(CKB)5470000002519771 035 $a(OCoLC)1065806135 035 $a(OCoLC)995470000002519771 035 $a(EXLCZ)995470000002519771 100 $a20071213d1926 ua 0 101 0 $aeng 135 $aurcn||||||||| 181 $ctxt$2rdacontent 182 $cc$2rdamedia 183 $acr$2rdacarrier 200 10$aUlric O. Thynne. February 25, 1926. -- Committed to the Committee of the Whole House and ordered to be printed 210 1$a[Washington, D.C.] :$c[U.S. Government Printing Office],$d1926. 215 $a1 online resource (2 pages) 225 1 $aHouse report / 69th Congress, 1st session. House ;$vno. 381 225 1 $a[United States congressional serial set ] ;$v[serial no. 8535] 300 $aBatch processed record: Metadata reviewed, not verified. Some fields updated by batch processes. 300 $aFDLP item number not assigned. 606 $aBuildings 606 $aMalicious mischief 606 $aVandalism 606 $aFurniture 606 $aGovernment liability (International law) 606 $aClaims 606 $aLeases 606 $aWorld War, 1914-1918 608 $aLegislative materials.$2lcgft 615 0$aBuildings. 615 0$aMalicious mischief. 615 0$aVandalism. 615 0$aFurniture. 615 0$aGovernment liability (International law) 615 0$aClaims. 615 0$aLeases. 615 0$aWorld War, 1914-1918. 701 $aWinter$b Charles E$g(Charles Edwin),$f1870-1948$pRepublican (WY)$01387987 801 0$bWYU 801 1$bWYU 801 2$bOCLCO 801 2$bOCLCQ 906 $aBOOK 912 $a9910716235603321 996 $aUlric O. Thynne. February 25, 1926. -- Committed to the Committee of the Whole House and ordered to be printed$93488207 997 $aUNINA LEADER 01217nam0-2200361---450 001 990009380930403321 005 20250321125046.0 035 $a000938093 035 $aFED01000938093 035 $a(Aleph)000938093FED01 100 $a20110617d1888----km-y0itay50------ba 101 0 $afre 102 $aFR 105 $aa-------001yy 200 1 $aNouveaux èlèments de physiologie humaine comprenant les principes de la physiologie comparée et de la physiologie générale$fpar H. Beaunis 210 $aParis$cBailliere$d1888 215 $a2 v.$cill.$d21 cm 610 0 $aFisiologia umana 676 $a612$v23$zita 700 1$aBeaunis,$bHenri-Etienne$0177467 801 0$aIT$bUNINA$gRICA$2UNIMARC 901 $aBK 912 $a990009380930403321 952 $aDep C 22.1$b902$fDMVSF 952 $aDep C 22.2$b903$fDMVSF 952 $aDep C 22.1bis$b1751$fDMVSF 952 $aDep C 22.2bis$b1752$fDMVSF 952 $aA BOT 737-1$b03/2338/25$fFAGBC 952 $aA BOT 737-2$b03/2339/25$fFAGBC 959 $aDMVSF 959 $aFAGBC 996 $aNouveaux èlèments de physiologie humaine comprenant les principes de la physiologie comparée et de la physiologie générale$9763290 997 $aUNINA